[Event "HCL-B058"]
[Site "www.playchess.de"]
[Date "2001.02.28"]
[Round "4"]
[White "mrchess"]
[Black "Larryalan"]
[WhiteElo "1588"]
[BlackElo "1200"]
[PlyCount "65"]
[Result "1-0"]

1.d4 Nf6 2.c4 g6 3.Nc3 e6 4.Bg5 h6 5.Bh4 Bb4 6.e4 
g5 7.Bg3 Nxe4 8.Nge2 Qf6 9.f3 Nxg3 10.hxg3 b6 
11.a3 Bxc3+ 12.Nxc3 Bb7 13.Nb5 Na6 14.Qd2 O-O-O 
15.Nxa7+ Kb8 16.Nb5 d5 17.Nc3 dxc4 18.Rd1 Rxd4 
19.Qxd4 Qxd4 20.Rxd4 b5 21.Nxb5 Bd5 22.Nc3 f5 
23.Nxd5 exd5 24.Rxd5 Re8+ 25.Kd2 Re6 26.Bxc4 c6 
27.Rd8+ Kb7 28.Bxe6 Kc7 29.Rd7+ Kb6 30.b4 Nc7 
31.Bxf5 c5 32.Rxh6+ Kb7 33.bxc5 1-0

[Event "HCL-B058"]
[Site "www.playchess.de"]
[Date "2001.02.28"]
[Round "11"]
[White "mrchess"]
[Black "Yogibear"]
[WhiteElo "1588"]
[BlackElo "1500"]
[PlyCount "64"]
[Result "0-1"]

1.d4 d5 2.c4 e5 3.dxe5 d4 4.Nf3 Nc6 5.a3 Bg4 6.Bf4 
Bxf3 7.exf3 Qe7 8.Be2 g5 9.Bg3 Bg7 10.O-O h5 11.h3 
O-O-O 12.Qd3 h4 13.Bh2 Nxe5 14.Qf5+ Kb8 15.Bxe5 
Bxe5 16.Nd2 d3 17.Bxd3 Nh6 18.Qe4 Rd4 19.Qe2 Rhd8 
20.Rfe1 f6 21.Ne4 R4xd3 22.Rad1 R3xd1 23.Rxd1 
Rxd1+ 24.Qxd1 Bxb2 25.a4 Nf7 26.c5 f5 27.Qc2 Bg7 
28.Nd2 Qe2 29.Qc1 Bd4 30.Nb3 Bxf2+ 31.Kh1 Be1 
32.Kh2 Qf1 0-1

[Event "HCL-B058"]
[Site "www.playchess.de"]
[Date "2001.02.28"]
[Round "14"]
[White "Yogibear"]
[Black "Larryalan"]
[WhiteElo "1500"]
[BlackElo "1200"]
[PlyCount "63"]
[Result "1-0"]

1.d4 Nf6 2.g3 d5 3.Bg2 e6 4.c4 Bb4+ 5.Bd2 Nc6 
6.Bxb4 Nxb4 7.Nf3 dxc4 8.Qa4+ Nc6 9.Ne5 Bd7 
10.Nxc6 bxc6 11.Qxc4 O-O 12.Nd2 Rb8 13.b3 Nd5 
14.O-O Qe7 15.e4 Nb4 16.a3 Nd3 17.Qxd3 c5 18.Rfc1 
Rb6 19.Rxc5 Bc6 20.Qc3 Qd7 21.Rc1 Rfb8 22.Rxc6 
Rxc6 23.Qxc6 Qxd4 24.Qxc7 Rd8 25.Nf3 Qd7 26.Qxd7 
Rf8 27.Rc8 g6 28.Rxf8+ Kxf8 29.Ng5 Kg7 30.Qxf7+ 
Kh6 31.Qxh7+ Kxg5 32.Qh4+ 1-0

[Event "HCL-B058"]
[Site "www.playchess.de"]
[Date "2001.02.28"]
[Round "20"]
[White "giya"]
[Black "Pelikan"]
[WhiteElo "1500"]
[BlackElo "1221"]
[PlyCount "43"]
[Result "1-0"]

1.Nf3 c5 2.g3 d5 3.Bg2 Nf6 4.c4 e6 5.cxd5 exd5 
6.d4 c4 7.O-O Be7 8.Nc3 O-O 9.b3 Bb4 10.Bd2 Bxc3 
11.Bxc3 b5 12.a4 cxb3 13.axb5 Re8 14.Qxb3 Nbd7 
15.e3 Nb6 16.Ne5 Be6 17.Rfc1 Ne4 18.Bb4 Qf6 19.f3 
Ng5 20.h4 Nh3+ 21.Kh2 Nf2 22.Qa2 1-0

[Event "HCL-B113"]
[Site "www.playchess.de"]
[Date "2001.02.28"]
[Round "1"]
[White "peze"]
[Black "Schwachspieler"]
[WhiteElo "1818"]
[BlackElo "1700"]
[PlyCount "41"]
[Result "1-0"]

1.d4 Nf6 2.c4 g6 3.Nc3 d5 4.cxd5 Nxd5 5.Bd2 Bg7 
6.e4 Nxc3 7.Bxc3 O-O 8.Nf3 Bg4 9.Be2 Bxf3 10.Bxf3 
c5 11.d5 Bxc3+ 12.bxc3 Nd7 13.O-O Qa5 14.Qd2 Rfd8 
15.Rfd1 c4 16.Qe3 Qb6 17.Qg5 Qd6 18.a4 b6 19.Rd4 
Rdc8 20.Be2 Rc5 21.f4 1-0

[Event "HCL-B113"]
[Site "www.playchess.de"]
[Date "2001.02.28"]
[Round "2"]
[White "dom"]
[Black "peze"]
[WhiteElo "1500"]
[BlackElo "1818"]
[PlyCount "44"]
[Result "0-1"]

1.e4 e5 2.Nf3 Nf6 3.Bc4 Nc6 4.d3 Bc5 5.Be3 Bb6 
6.c3 O-O 7.Nbd2 Re8 8.b4 d5 9.exd5 Nxd5 10.Bxb6 
Nxb6 11.O-O Bf5 12.Qe2 Nxc4 13.Ne1 Nxd2 14.Qxd2 
Qd5 15.a3 a5 16.Rd1 Qb3 17.Nc2 Rad8 18.Qg5 Bxd3 
19.Rfe1 Bxc2 20.Rxd8 Rxd8 21.h3 Qxa3 22.Rxe5 
f6 0-1

[Event "HCL-B113"]
[Site "www.playchess.de"]
[Date "2001.02.28"]
[Round "4"]
[White "peze"]
[Black "BerndS"]
[WhiteElo "1818"]
[BlackElo "1790"]
[PlyCount "55"]
[Result "1-0"]

1.e4 c5 2.Nf3 d6 3.d4 cxd4 4.Nxd4 Nf6 5.Nc3 a6 
6.Bg5 e6 7.f4 Be7 8.Qf3 Qc7 9.O-O-O Nbd7 10.g4 b5 
11.Bxf6 Nxf6 12.g5 Nd7 13.f5 Nc5 14.f6 gxf6 
15.gxf6 Bf8 16.Rg1 Bd7 17.a3 O-O-O 18.Kb1 Kb8 
19.Rg3 Rc8 20.Bg2 e5 21.Nd5 Qb7 22.Nf5 Bc6 23.Bh3 
Ne6 24.Ng7 Bd7 25.Qh5 Qc6 26.Nb4 Qxe4 27.Qxf7 Nd4 
28.Nxa6+ 1-0

[Event "HCL-B113"]
[Site "www.playchess.de"]
[Date "2001.02.28"]
[Round "5"]
[White "BerndS"]
[Black "Schwachspieler"]
[WhiteElo "1790"]
[BlackElo "1700"]
[PlyCount "23"]
[Result "1-0"]

1.d4 Nf6 2.c4 g6 3.Nc3 d5 4.cxd5 Nxd5 5.e4 Nxc3 
6.bxc3 Bg7 7.Bc4 c5 8.Ne2 Nc6 9.Be3 O-O 10.O-O 
cxd4 11.cxd4 Bg4 12.f3 1-0

[Event "HCL-C102"]
[Site "www.playchess.de"]
[Date "2001.02.28"]
[Round "2"]
[White "exoticorn"]
[Black "Nunogomez"]
[WhiteElo "1152"]
[BlackElo "878"]
[PlyCount "37"]
[Result "1-0"]

1.e4 c6 2.d4 d5 3.e5 Bf5 4.Nf3 e6 5.Nc3 Qa5 6.Bd3 
Bb4 7.Bd2 Bxd3 8.cxd3 f6 9.Qa4 Bxc3 10.Qxa5 Bxa5 
11.Bxa5 f5 12.Ng5 b6 13.Bb4 a5 14.Bd6 Ne7 15.Nxe6 
Kd7 16.Nxg7 Na6 17.Bxe7 Kxe7 18.Nxf5+ Kf8 
19.a3 1-0

[Event "HCL-C102"]
[Site "www.playchess.de"]
[Date "2001.02.28"]
[Round "3"]
[White "Jaco"]
[Black "exoticorn"]
[WhiteElo "1000"]
[BlackElo "1152"]
[PlyCount "76"]
[Result "0-1"]

1.e4 e5 2.Nc3 Nf6 3.Nf3 Nc6 4.Bc4 Bc5 5.d3 b6 
6.Bg5 h6 7.Bd2 d6 8.O-O Bb7 9.Nd5 O-O 10.Be3 Rb8 
11.c3 Bxe3 12.Nxe3 Ne7 13.Nf5 Nxf5 14.exf5 Qd7 
15.Nh4 b5 16.Bb3 Rfe8 17.d4 exd4 18.cxd4 Re4 19.g3 
Rbe8 20.f3 R4e3 21.Qd2 Nh7 22.f4 R3e2 23.Qc1 R8e4 
24.Ng2 Rxg2+ 25.Kxg2 Re1+ 26.Kg1 Rxc1 27.Raxc1 
Qxf5 28.Rfe1 Nf6 29.Rxc7 Bd5 30.Ree7 Qb1+ 31.Kf2 
Qxb2+ 32.Re2 Qxd4+ 33.Kf1 Bxb3 34.Rc8+ Kh7 35.Rc1 
Bc4 36.h3 Bxe2+ 37.Kxe2 Qb2+ 38.Kd1 
Ne4 0-1

[Event "HCL-C102"]
[Site "www.playchess.de"]
[Date "2001.02.28"]
[Round "7"]
[White "donkey"]
[Black "Nunogomez"]
[WhiteElo "600"]
[BlackElo "878"]
[PlyCount "61"]
[Result "1-0"]

1.e4 c6 2.Ne2 d5 3.e5 Bf5 4.d4 e6 5.Ng3 Qa5+ 6.Nc3 
Bb4 7.Bd2 c5 8.Nxf5 exf5 9.dxc5 Qxc5 10.Na4 Qa5 
11.Nc3 d4 12.Nb1 Qxe5+ 13.Qe2 Qxe2+ 14.Bxe2 Nc6 
15.O-O h5 16.Re1 O-O-O 17.c3 dxc3 18.bxc3 Ba5 
19.Rc1 Kb8 20.Bf4+ Ka8 21.Na3 g6 22.Nb5 Nf6 
23.Nc7+ Bxc7 24.Bxc7 Rd7 25.Bf4 Ne7 26.Bb5 Rd5 
27.c4 Rdd8 28.Rcd1 a6 29.Bg5 Rxd1+ 30.Rxd1 Neg8 
31.Rd8+ 1-0

[Event "HCL-C102"]
[Site "www.playchess.de"]
[Date "2001.02.28"]
[Round "8"]
[White "Jaco"]
[Black "donkey"]
[WhiteElo "1000"]
[BlackElo "600"]
[PlyCount "38"]
[Result "0-1"]

1.e4 c5 2.Nc3 d6 3.Bb5+ Bd7 4.d3 Nf6 5.Nf3 a6 
6.Bxd7+ Nbxd7 7.O-O g6 8.Be3 Bg7 9.Bf4 O-O 10.d4 
cxd4 11.Nxd4 e5 12.Bg5 exd4 13.Qxd4 Nxe4 14.Qxe4 
Qxg5 15.Qxb7 Nc5 16.Qf3 Rab8 17.Rab1 Rfe8 18.Nd5 
Ne4 19.Rfe1 Nd2 0-1

[Event "HCL-C102"]
[Site "www.playchess.de"]
[Date "2001.02.28"]
[Round "9"]
[White "donkey"]
[Black "exoticorn"]
[WhiteElo "600"]
[BlackElo "1152"]
[PlyCount "51"]
[Result "1-0"]

1.e4 e5 2.Nf3 Nc6 3.Bb5 d6 4.d4 Bd7 5.Nc3 Nf6 
6.O-O Be7 7.Re1 O-O 8.Bxc6 Bxc6 9.dxe5 dxe5 
10.Qxd8 Raxd8 11.Nxe5 Bd7 12.Bg5 Be6 13.Nd3 h6 
14.Be3 a6 15.Bc5 Rfe8 16.Bxe7 Rxe7 17.f4 Bc4 
18.Ne5 Be6 19.Rad1 Rxd1 20.Rxd1 Re8 21.a4 Nh5 
22.g3 f6 23.Nd3 b6 24.f5 Bc8 25.g4 Bxf5 
26.exf5 1-0

[Event "HCL-C102"]
[Site "www.playchess.de"]
[Date "2001.02.28"]
[Round "11"]
[White "Nunogomez"]
[Black "Coney"]
[WhiteElo "878"]
[BlackElo "1000"]
[PlyCount "66"]
[Result "0-1"]

1.d4 d5 2.c4 Bf5 3.Nc3 e6 4.a3 Nc6 5.e3 Nf6 6.Nf3 
Bd6 7.c5 Be7 8.Bb5 O-O 9.Bxc6 bxc6 10.Ne5 Qe8 
11.O-O Ne4 12.Nxe4 Bxe4 13.Qa4 f5 14.Qxc6 Qc8 
15.Nd7 Rd8 16.Qxe6+ Kh8 17.Qxe7 Rxd7 18.Qh4 Rf7 
19.b4 Rf6 20.Bb2 Rg6 21.f3 Bd3 22.Rfe1 c6 23.e4 
fxe4 24.f4 Rg4 25.Qe7 Rxf4 26.Bc1 Rf8 27.g3 Qa6 
28.Qe5 Rae8 29.Qc7 Kg8 30.Bf4 Rf7 31.Qd6 Qc8 
32.Qb8 Qxb8 33.Bxb8 Rxb8 0-1

[Event "HCL-C102"]
[Site "www.playchess.de"]
[Date "2001.02.28"]
[Round "12"]
[White "Coney"]
[Black "Jaco"]
[WhiteElo "1000"]
[BlackElo "1000"]
[PlyCount "27"]
[Result "1-0"]

1.e4 Nf6 2.e5 e6 3.exf6 Qxf6 4.d4 d5 5.Nf3 Nc6 
6.Bb5 Bd6 7.O-O O-O 8.Bg5 Qf5 9.Bd3 Qg4 10.h3 Qxf3 
11.Qxf3 Nxd4 12.Qh5 h6 13.Bxh6 gxh6 
14.Qg4+ 1-0

[Event "HCL-C102"]
[Site "www.playchess.de"]
[Date "2001.02.28"]
[Round "13"]
[White "exoticorn"]
[Black "Coney"]
[WhiteElo "1152"]
[BlackElo "1000"]
[PlyCount "89"]
[Result "1-0"]

1.e4 e5 2.Bc4 Nf6 3.d3 h6 4.Nf3 Nc6 5.Be3 d5 
6.exd5 Nxd5 7.O-O Nxe3 8.fxe3 f6 9.Nc3 Bc5 10.Qd2 
b6 11.Nh4 Ne7 12.a3 Bb7 13.Kh1 e4 14.d4 g5 15.Nf5 
Nxf5 16.Rxf5 a6 17.Raf1 Be7 18.Qd1 Qd6 19.Qh5+ Kd7 
20.Bd5 Kc8 21.Qf7 Rf8 22.Qh7 Bxd5 23.Rxd5 Qe6 
24.Qxh6 Kb7 25.Qg6 Rfg8 26.Qxe4 Qxe4 27.Nxe4 Rgh8 
28.Rdf5 Rh6 29.Nxf6 Rf8 30.Nd5 Rxf5 31.Rxf5 Bd6 
32.g3 Bxg3 33.Rxg5 Bxh2 34.Rg4 Bd6+ 35.Kg1 Bh2+ 
36.Kf1 Bd6 37.Nf4 Rh1+ 38.Rg1 Rh2 39.Rg2 Rh4 
40.Nd3 Rh1+ 41.Ke2 Rh4 42.Kf3 b5 43.Rg4 Rh3+ 
44.Ke4 Rh6 45.Kf5 1-0

[Event "HCL-C102"]
[Site "www.playchess.de"]
[Date "2001.02.28"]
[Round "15"]
[White "donkey"]
[Black "Coney"]
[WhiteElo "600"]
[BlackElo "1000"]
[PlyCount "43"]
[Result "1-0"]

1.e4 e5 2.Nf3 d6 3.Bc4 Bg4 4.d3 Nc6 5.Bg5 f6 6.Bh4 
Nd4 7.Nbd2 g5 8.Bg3 Bxf3 9.Nxf3 Nxf3+ 10.Qxf3 Bg7 
11.Qf5 Qe7 12.Bxg8 Rxg8 13.Qxh7 Qf7 14.Qf5 Bh8 
15.c3 g4 16.h4 Rg6 17.O-O-O Ke7 18.f3 Rag8 19.f4 
Qxa2 20.d4 Qe6 21.Qxe6+ Kxe6 22.f5+ 1-0

[Event "HCL-C102"]
[Site "www.playchess.de"]
[Date "2001.02.28"]
[Round "24"]
[White "exoticorn"]
[Black "locko"]
[WhiteElo "1152"]
[BlackElo "1000"]
[PlyCount "45"]
[Result "1-0"]

1.e4 e5 2.Bc4 Nc6 3.Nf3 a6 4.Nc3 b5 5.Bd5 Bb7 
6.Nxe5 Nxe5 7.Bxb7 Rb8 8.Bd5 c6 9.Bb3 a5 10.a3 a4 
11.Ba2 c5 12.Qh5 Bd6 13.f4 Nf6 14.Qe2 c4 15.fxe5 
Bxe5 16.O-O Bd4+ 17.Kh1 Rb6 18.b3 O-O 19.bxc4 Qb8 
20.Rb1 Qb7 21.Nxb5 Bc5 22.d3 Re8 
23.Be3 1-0

[Event "HCL-C102"]
[Site "www.playchess.de"]
[Date "2001.02.28"]
[Round "26"]
[White "donkey"]
[Black "locko"]
[WhiteElo "600"]
[BlackElo "1000"]
[PlyCount "33"]
[Result "1-0"]

1.e4 e5 2.Nf3 Nc6 3.Bb5 d6 4.d4 Bd7 5.Nc3 a6 
6.Bxc6 Bxc6 7.O-O Nh6 8.dxe5 f6 9.Bxh6 gxh6 
10.exf6 Qxf6 11.e5 dxe5 12.Re1 Bd6 13.Nd5 Bxd5 
14.Qxd5 O-O-O 15.Nxe5 Rhe8 16.Ng4 Rxe1+ 
17.Rxe1 1-0

[Event "HCL-C102"]
[Site "www.playchess.de"]
[Date "2001.02.28"]
[Round "27"]
[White "locko"]
[Black "Coney"]
[WhiteElo "1000"]
[BlackElo "1000"]
[PlyCount "58"]
[Result "0-1"]

1.d4 d5 2.Nc3 e6 3.g3 Bb4 4.a3 Ba5 5.b4 Bb6 6.a4 
c6 7.a5 Bc7 8.e3 Nf6 9.Nf3 O-O 10.Nh4 e5 11.f4 
exd4 12.exd4 Re8+ 13.Be2 Bg4 14.Bd2 Bxe2 15.Nxe2 
Ne4 16.O-O Nd7 17.Nc3 Ndf6 18.Re1 Nxc3 19.Bxc3 Ne4 
20.Bb2 Bxf4 21.gxf4 Qxh4 22.c4 Qxf4 23.Rf1 Qe3+ 
24.Kh1 Nf2+ 25.Rxf2 Qxf2 26.Qd3 Re3 27.Qa3 Rae8 
28.Bc3 R3e2 29.Qc1 Qxh2+ 0-1

[Event "HCL-C102"]
[Site "www.playchess.de"]
[Date "2001.02.28"]
[Round "31"]
[White "Robama"]
[Black "exoticorn"]
[WhiteElo "1401"]
[BlackElo "1152"]
[PlyCount "50"]
[Result "0-1"]

1.e3 e5 2.Qh5 Nc6 3.Bb5 Nf6 4.Qg5 d6 5.Nf3 Bd7 
6.Nc3 h6 7.Qg3 g5 8.O-O Nh5 9.Qh3 Bxh3 10.gxh3 Qd7 
11.b3 Qxh3 12.Nd5 O-O-O 13.Ne1 Rg8 14.a3 Nf4 
15.Nf6 Rg6 16.Nh7 Nh5 17.Nxf8 Rxf8 18.Bd3 f5 19.e4 
f4 20.b4 Nd4 21.Rb1 Nf3+ 22.Nxf3 Qxf3 23.Rb3 Qh3 
24.b5 f3 25.Re1 Qg2+ 0-1

[Event "HCL-C102"]
[Site "www.playchess.de"]
[Date "2001.02.28"]
[Round "33"]
[White "Robama"]
[Black "donkey"]
[WhiteElo "1401"]
[BlackElo "600"]
[PlyCount "56"]
[Result "0-1"]

1.e3 e5 2.Qh5 Nc6 3.Nf3 Nf6 4.Qh4 Be7 5.Qg3 O-O 
6.Nxe5 Nxe5 7.Qxe5 Bd6 8.Qd4 b6 9.b3 Bb7 10.Ba3 
Be7 11.Be2 Bxg2 12.Rg1 Be4 13.d3 Bg6 14.e4 c5 
15.Qe3 d5 16.exd5 Nxd5 17.Qe5 Bf6 18.Qg3 Bxa1 
19.Nd2 Bc3 20.Kd1 Qe7 21.Bf3 Rad8 22.Re1 Qf6 
23.Ne4 Bxe4 24.Bxe4 Bxe1 25.Kxe1 Qa1+ 26.Kd2 Nc3 
27.Bf5 Rfe8 28.b4 Qe1+ 0-1

[Event "HCL-A011"]
[Site "www.playchess.de"]
[Date "2001.02.28"]
[Round "2"]
[White "Nils"]
[Black "Lacey"]
[WhiteElo "2120"]
[BlackElo "1700"]
[PlyCount "63"]
[Result "1-0"]

1.e4 c6 2.d4 d5 3.e5 Bf5 4.Nf3 e6 5.Be2 Nd7 6.O-O 
c5 7.Nc3 Ne7 8.dxc5 Nc6 9.Bg5 f6 10.exf6 gxf6 
11.Bf4 Bxc5 12.Bd3 Bg6 13.Qe2 Kf7 14.Rad1 Qa5 
15.Rfe1 Rae8 16.Rda1 Qb4 17.Bd2 Bxd3 18.cxd3 Rhg8 
19.Ne4 Qb5 20.Nc3 Qb6 21.b3 Qa6 22.a3 d4 23.Ne4 e5 
24.Nh4 Ke6 25.Qh5 Ne7 26.f4 Ref8 27.f5+ Kd5 28.Qf3 
Kc6 29.b4 Bb6 30.Rac1+ Kb5 31.Nd6+ Ka4 
32.Qd1+ 1-0

[Event "HCL-A011"]
[Site "www.playchess.de"]
[Date "2001.02.28"]
[Round "7"]
[White "sazex"]
[Black "Lacey"]
[WhiteElo "1700"]
[BlackElo "1700"]
[PlyCount "58"]
[Result "0-1"]

1.e4 e5 2.Nf3 Nc6 3.Bb5 a6 4.Ba4 b5 5.Bb3 Nf6 
6.Ng5 d5 7.exd5 Na5 8.d6 Nxb3 9.dxc7 Qd5 10.axb3 
Qxg2 11.Qf3 Qxf3 12.Nxf3 Bb7 13.Ke2 Rc8 14.Rg1 
Rxc7 15.Nxe5 Bd6 16.d4 Rxc2+ 17.Nd2 O-O 18.Kd3 Rc7 
19.Ndf3 Nd5 20.Bd2 f6 21.Ng4 Nf4+ 22.Bxf4 Bxf4 
23.Nh4 f5 24.Ne3 Bxe3 25.Kxe3 Rc2 26.f3 f4+ 27.Kd3 
Rxh2 28.Rgh1 Rxb2 29.Kc3 Rf2 0-1

[Event "HCL-A011"]
[Site "www.playchess.de"]
[Date "2001.02.28"]
[Round "9"]
[White "sazex"]
[Black "Nils"]
[WhiteElo "1700"]
[BlackElo "2120"]
[PlyCount "90"]
[Result "0-1"]

1.e4 c5 2.Nf3 Nc6 3.Nc3 Nf6 4.d4 d5 5.exd5 cxd4 
6.dxc6 dxc3 7.Qxd8+ Kxd8 8.Ne5 Rg8 9.cxb7 Bxb7 
10.bxc3 Bd5 11.c4 Be6 12.Be3 Kc7 13.Rb1 g5 14.a4 
g4 15.c5 Bg7 16.Bd2 a5 17.Bd3 Nd5 18.Nc4 Nc3 
19.Bxc3 Bxc3+ 20.Ke2 Rg5 21.Rb5 Bd5 22.Nb6 Re5+ 
23.Kd1 Bxg2 24.Nxa8+ Bxa8 25.Rg1 Bf3+ 26.Kc1 Rh5 
27.c6 Rxh2 28.Rb7+ Kxc6 29.Rxe7 h5 30.Rxf7 Kd6 
31.Rf5 h4 32.Rf1 h3 33.Rh5 Rg2 34.Rh6+ Kc7 35.Kb1 
Bd4 36.Rh7+ Kd6 37.Rh6+ Kc5 38.c3 Bxc3 39.Rh5+ Kd4 
40.Bb5 h2 41.Kc1 Bb4 42.Rh8 Kc3 43.Kb1 Bd6 44.Re8 
Bf4 45.Ree1 Bd2 0-1

[Event "HCL-A011"]
[Site "www.playchess.de"]
[Date "2001.02.28"]
[Round "11"]
[White "Lacey"]
[Black "Ulf"]
[WhiteElo "1700"]
[BlackElo "2054"]
[PlyCount "36"]
[Result "0-1"]

1.e4 c5 2.Nf3 d6 3.d4 cxd4 4.Nxd4 Nf6 5.Nc3 a6 
6.Bg5 e6 7.Be2 Nbd7 8.O-O Be7 9.Qd2 Nc5 10.Qe3 h6 
11.Bxf6 Bxf6 12.Nf3 Qc7 13.Rad1 O-O 14.a4 Bd7 
15.a5 Qxa5 16.Rxd6 Bxc3 17.bxc3 Ba4 18.Nd4 
Rfd8 0-1

[Event "HCL-A011"]
[Site "www.playchess.de"]
[Date "2001.02.28"]
[Round "13"]
[White "Nils"]
[Black "Ulf"]
[WhiteElo "2120"]
[BlackElo "2054"]
[PlyCount "43"]
[Result "1/2-1/2"]

1.e4 c5 2.Nf3 d6 3.d4 cxd4 4.Nxd4 Nf6 5.Nc3 a6 
6.Be2 e5 7.Nf3 h6 8.O-O Be6 9.Be3 Be7 10.Qd2 O-O 
11.Rfe1 Nbd7 12.Rad1 Ng4 13.Nd5 Bxd5 14.exd5 Nxe3 
15.Qxe3 Qb6 16.Qxb6 Nxb6 17.c4 Rac8 18.b3 Nd7 
19.Bd3 f5 20.Nd4 g6 21.Ne6 Rfe8 
22.f3 1/2-1/2